Statistics for Black Ops 2: Zombie Maps(DLC included)

Click here to take the quiz!

General Stats

  • This quiz has been taken 616 times
  • The average score is 7 of 8

Answer Stats

HintAnswer% Correct
Green RunTown
95%
Green RunFarm
92%
VengeanceBuried
90%
ApocolypseOrigins
88%
Green RunTranzit
88%
RevolutionDie Rise
86%
UprisingMob Of The Dead
85%
RevolutionDiner
48%

Score Distribution

Percentile by Number Answered

Percent of People with Each Score

Your Score History

You have not taken this quiz